000
00272nam a2200109Ia 4500
008
220204s9999 xx 000 0 und d
082
_b
HOU
100
_a
Wallace
245
0
_a
Accounting terms and book-keeping procedures explained
260
_a
Britain
_c
1980
942
_c
BK
999
_c
37113
_d
37113